<?xml version="1.0" encoding="UTF-8"?>
<record
    xmlns:xsi="http://www.w3.org/2001/XMLSchema-instance"
    xsi:schemaLocation="http://www.loc.gov/MARC21/slim http://www.loc.gov/standards/marcxml/schema/MARC21slim.xsd"
    xmlns="http://www.loc.gov/MARC21/slim">

  <leader>01438nam a22001817a 4500</leader>
  <controlfield tag="003">IT-RoPau</controlfield>
  <controlfield tag="005">20220918181103.0</controlfield>
  <controlfield tag="008">130327b        xxu||||| |||| 00| 0 eng d</controlfield>
  <datafield tag="040" ind1=" " ind2=" ">
    <subfield code="c">IT-RoPau</subfield>
  </datafield>
  <datafield tag="100" ind1=" " ind2=" ">
    <subfield code="a">9&#xB0; Capitolo Generale</subfield>
    <subfield code="9">509</subfield>
  </datafield>
  <datafield tag="245" ind1=" " ind2=" ">
    <subfield code="a">Atti e Documenti del IX Capitolo Generale</subfield>
    <subfield code="b">Ariccia, 25 aprile - 15 maggio 2010</subfield>
  </datafield>
  <datafield tag="250" ind1=" " ind2=" ">
    <subfield code="a">1&#xB0; ed</subfield>
  </datafield>
  <datafield tag="260" ind1=" " ind2=" ">
    <subfield code="a">Roma</subfield>
    <subfield code="b">SSP Casa Generalizia</subfield>
    <subfield code="c">2010</subfield>
  </datafield>
  <datafield tag="300" ind1=" " ind2=" ">
    <subfield code="a">79 pp.</subfield>
    <subfield code="c">21 cm</subfield>
  </datafield>
  <datafield tag="490" ind1=" " ind2=" ">
    <subfield code="a">Societ&#xE0; San Paolo</subfield>
  </datafield>
  <datafield tag="520" ind1=" " ind2=" ">
    <subfield code="a">Indice

Governo generale eletto dal 9&#xB0; Capitolo generale
Presentazione del Superiore generale Don Silvio Sassi
Partecipanti al 9&#xB0; Capitolo generale
Proposta di calendario per il 9&#xB0; Capitolo generale

Celebrazione del 9&#xB0; Capitolo generale
Saluto e Omelia del Superiore generale Don Silvio Sassi
Relazione del Superiore generale sullo stato della Congregazione

Documento finale del 9&#xB0; Capitolo generale
- Presentazione
- Introduzione
- Obiettivo, priorit&#xE0; e linee operative
1. Apostolato
2. Comunit&#xE0; e Spiritualit&#xE0;
3. Animazione vocazionale e Formazione
4. Amministrazione e Servizio dell'Autorit&#xE0;
5. Famiglia Paolina
-  Messaggio ai collaboratori della Societ&#xE0; San Paolo
- Messaggio della Famiglia Paolina
- Mozioni presentate al Capitolo
- Indicazione dell'Assemblea capitolare per la valorizzazione
   della Casa di Ariccia
- Saluto e Omelia del Superiore generale Don Silvio Sassi alla
   Celebrazione eucaristica conclusiva

</subfield>
  </datafield>
  <datafield tag="942" ind1=" " ind2=" ">
    <subfield code="2">ddc</subfield>
    <subfield code="c">BK</subfield>
  </datafield>
  <datafield tag="999" ind1=" " ind2=" ">
    <subfield code="c">98304</subfield>
    <subfield code="d">98304</subfield>
  </datafield>
  <datafield tag="952" ind1=" " ind2=" ">
    <subfield code="0">0</subfield>
    <subfield code="1">0</subfield>
    <subfield code="2">ddc</subfield>
    <subfield code="4">0</subfield>
    <subfield code="6">P_C4</subfield>
    <subfield code="7">1</subfield>
    <subfield code="a">PAULUS</subfield>
    <subfield code="b">PAULUS</subfield>
    <subfield code="d">2013-03-27</subfield>
    <subfield code="l">0</subfield>
    <subfield code="o">P C4</subfield>
    <subfield code="r">2013-03-27 00:00:00</subfield>
    <subfield code="w">2013-03-27</subfield>
    <subfield code="y">BK</subfield>
  </datafield>
  <datafield tag="952" ind1=" " ind2=" ">
    <subfield code="0">0</subfield>
    <subfield code="1">0</subfield>
    <subfield code="2">ddc</subfield>
    <subfield code="4">0</subfield>
    <subfield code="6">P_C4</subfield>
    <subfield code="7">1</subfield>
    <subfield code="a">PAULUS</subfield>
    <subfield code="b">PAULUS</subfield>
    <subfield code="d">2013-03-27</subfield>
    <subfield code="l">0</subfield>
    <subfield code="o">P C4</subfield>
    <subfield code="r">2013-03-27 00:00:00</subfield>
    <subfield code="w">2013-03-27</subfield>
    <subfield code="y">BK</subfield>
  </datafield>
</record>
